Every 20M City on the World Map - Statistics

General Stats
  • This quiz has been taken 398 times
    289 since last reset
  • The average score is 14 of 15
Answers on the Map
Answers color-coded by a green-red scale on the quiz's map according to % correct below.
 
Answer Stats
Population City % Correct
24.5 mil Mexico City
100%
21.8 mil New York City
100%
21.5 mil Cairo
99%
40.5 mil Tokyo
98%
31.3 mil Delhi
97%
20.0 mil Beijing
96%
25.0 mil Seoul
96%
32.1 mil Jakarta
95%
26.3 mil Manila
95%
25.6 mil Mumbai
95%
34.1 mil Shanghai
95%
22.6 mil Sao Paulo
94%
20.1 mil Lagos
91%
20.3 mil Dhaka
88%
47.6 mil Guangzhou
87%
No matching quizzes found
Score Distribution
Percent of People with Each Score
Percentile by Number Answered
Your Score History
You have not taken this quiz since the last reset